Bella Ramsey Filmography - Statistics

General Stats
  • This quiz has been taken 41 times
    5 since last reset
  • The average score is 23 of 39
Answer Stats
Type Year Name % Correct
Film 2023 Chicken Run: Dawn of the Nugget
100%
TV Show 2023-Present The Last of Us
100%
Short Film 2020 3 Minutes of Silence
75%
TV Show 2022 Becoming Elizabeth
75%
Film 2022 Catherine Called Birdy
75%
TV Show 2016-2019 Game of Thrones
75%
Web Series 2018-2023 Hilda
75%
Film 2021 Hilda and the Mountain King
75%
TV Show 2020 His Dark Materials
75%
Film 2018 Holmes & Watson
75%
Short Film 2019 Nancy
75%
TV Show 2017-2020 The Worst Witch
75%
TV Show 2023 Time
75%
Film 2018 Two for Joy
75%
Short Film 2023 Villain
75%
Short Film 2019 Zero
75%
Video Game 2018 Doctor Who Infinity: The Dalek Invasion of Time
50%
Short Film 2017 Elefthería
50%
TV Documentary 2019 Game of Thrones: The Last Watch
50%
Film TBA Harmonia
50%
Podcast 2022-2023 Impact Winter
50%
Film 2019 Judy
50%
Documentary Series 2023-Present Making of: The Last of Us
50%
Short Film 2024 Matilda and the Brave Escape
50%
TV Show TBA Maya
50%
Short Film 2024 More Flames
50%
Short Film 2019 On the Beaches
50%
Film 2019 Princess Emmy
50%
Web Mini-Series 2018 Requiem
50%
Short Film 2021 Requiem
50%
Film 2020 Resistance
50%
Web Series 2020 Shepherd's Delight
50%
TV Show 2020 Summer Camp Island
50%
Film TBA Sunny Dancer
50%
Film TBA The Correction Unit
50%
Short Film 2020 Turtle Journey
50%
Radio Series 2020 Drama
25%
TV Show 2019 Saturday Mash-Up
25%
Documentary Series 2023 The Last of Us: Inside the Episode
25%
No matching quizzes found
Score Distribution
Percent of People with Each Score
Percentile by Number Answered
Your Score History
You have not taken this quiz since the last reset